By the Lords-Justices and Council, a proclamation. : Capell, Cyrill Wich, W. Duncombe. Whereas it hath pleased almighty God of his infinite goodness, in answer to the prayers ...

Bibliographic Details
Corporate Author: Ireland. Lords Justices and Council
Other Authors: Tewkesbury, Henry Capel, Lord Capel of, d. 1696, Wyche, Cyril, ca. 1632-1707, Duncombe, W., fl. 1693
Format: eBook
Language:English
Published: Dublin: : Printed by Andrew Crook, Their Majesties Printer-General of Ireland, on Ormonde-Key, 1693.
Series:Early English books online.
Subjects:
Online Access:Connect to the full text of this electronic book

MARC

Tag First Indicator Second Indicator Subfields
LEADER 00000nam a2200000Ia 4500
001 in00004340413
005 20200812094901.0
006 m g d
007 cr bn |||a|bb|
008 111206s1693 ie i o 000 0 eng d
040 |a UMI  |c UMI  |e dcrb 
035 |a (OCoLC)767618505 
037 |a CL0037000137  |b ProQuest, 789 E. Eisenhower Parkway, Ann Arbor, MI 48108-3218 
043 |a e-uk--- 
045 0 |b d16931122 
090 |a DA946  |b .I731 1693 
049 |a UMIA 
110 1 |a Ireland.  |b Lords Justices and Council. 
245 1 0 |a By the Lords-Justices and Council, a proclamation. :  |b Capell, Cyrill Wich, W. Duncombe. Whereas it hath pleased almighty God of his infinite goodness, in answer to the prayers ... 
260 |a Dublin: :  |b Printed by Andrew Crook, Their Majesties Printer-General of Ireland, on Ormonde-Key,  |c 1693. 
300 |a 1 online resource (1 sheet ([2] pages) :  |b coat of arms. 
336 |a text  |b txt  |2 rdacontent 
337 |a computer  |b c  |2 rdamedia 
338 |a online resource  |b cr  |2 rdacarrier 
500 |a Title from caption and opening lines of text. 
500 |a Imprint from colophon. 
500 |a Text printed in black letter. 
500 |a At end of text: Given at the Council-Chamber in Dublin, the twenty second day of November, 1693. 
500 |a For a public thanksgiving for the preservation of their Majesties. 
500 |a Imperfect: print show-through with some loss of text. 
500 |a Reproduction of original in: National Library of Scotland--Crawford Collections. 
510 4 |a Wing (2nd edition, 1994),  |c I511 
510 4 |a ESTC  |c R178451 
533 |a Electronic reproduction.  |b Ann Arbor, Mich. :  |c UMI,  |d 1999-  |f (Early English books online)  |n Digital version of: (Early English Books, 1641-1700 ; 3018:43)  |7 s1999 miun s 
600 0 0 |a William  |b III,  |c King of England,  |d 1650-1702  |v Early works to 1800. 
600 0 0 |a Mary  |b II,  |c Queen of England,  |d 1662-1694  |v Early works to 1800. 
650 0 |a Grand Alliance, War of the, 1689-1697  |v Sources  |v Early works to 1800. 
655 7 |a Proclamations  |z Ireland  |y 17th century.  |2 rbgenr 
655 7 |a Broadsides  |z Ireland  |y 17th century.  |2 rbgenr 
700 1 |a Tewkesbury, Henry Capel,  |c Lord Capel of,  |d d. 1696. 
700 1 |a Wyche, Cyril,  |d ca. 1632-1707. 
700 1 |a Duncombe, W.,  |d fl. 1693. 
830 0 |a Early English books online. 
856 4 0 |u http://proxy.library.tamu.edu/login?url=https://search.proquest.com/docview/2240869655  |z Connect to the full text of this electronic book  |t 0 
994 |a 02  |b UMI 
999 f f |s 435e2baf-196a-3df3-9bf2-c8b92d4b1c41  |i 0da4c5e6-2a97-3ca0-b638-00fb93685471  |t 0 
952 f f |a Texas A&M University  |b College Station  |c Electronic Resources  |d Available Online  |t 0  |e DA946 .I731 1693  |h Library of Congress classification 
998 f f |a DA946 .I731 1693  |t 0  |l Available Online